Statistics for 2017-18 Turkish Super League Teams Quiz

Click here to take the quiz!

General Stats

  • This quiz has been taken 162 times
  • The average score is 16 of 18

Answer Stats

HintAnswer% Correct
bjkbeşiktaş
97%
fbfenerbahçe
96%
gsgalatasaray
96%
tstrabzonspor
96%
burbursaspor
95%
alaalanyaspor
93%
gözgöztepe
93%
antantalyaspor
91%
konkonyaspor
91%
bşkbaşakşehir
90%
svssivasspor
89%
kyskayserispor
86%
kaskasımpaşa
84%
osmosmanlıspor
84%
malmalatyaspor
81%
gbgençlerbirliği
73%
karkarabükspor
65%
akhakhisar belediyespor
50%

Score Distribution

Percentile by Number Answered

Percent of People with Each Score

Your Score History

You have not taken this quiz